LEADER 01219nam0 22002891i 450 001 SUN0011397 005 20070209120000.0 010 $a88-14-04016-8 100 $a20030122d1993 |0itac50 ba 101 $aita 102 $aIT 105 $a|||| ||||| 200 1 $aˆL'‰affaire Perrier$ela regolamentazione del mercato finanziario e la nuova disciplina delle offerte pubbliche in Francia$ericerche e materiali di mercato$fStefano Mogini, Alessandro Munari 210 $aMilano$cGiuffrè$d1993 215 $aXVI, 434 p.$d25 cm. 410 1$1001SUN0005023$12001 $aQuaderni di giurisprudenza commerciale$v139$1210 $aMilano$cGiuffrè. 606 $aMercati finanziari$xRegolamentazione$xFrancia$2FI$3SUNC006151 620 $dMilano$3SUNL000284 676 $a346.4409$v21 700 1$aMogini$b, Stefano$3SUNV008581$0405874 701 1$aMunari$b, Alessandro$3SUNV004378$0229564 712 $aGiuffrè$3SUNV001757$4650 801 $aIT$bSOL$c20181231$gRICA 912 $aSUN0011397 950 $aUFFICIO DI BIBLIOTECA DEL DIPARTIMENTO DI GIURISPRUDENZA$d00CONS VI.Em.77 $e00 4341 20030122 996 $aAffaire Perrier$9575411 997 $aUNICAMPANIA LEADER 01030nam0 22002771i 450 001 UON00200020 005 20231205103249.346 100 $a20030730d1967 |0itac50 ba 101 $aeng 102 $aGB 105 $a|||| 1|||| 200 1 $aˆA ‰Kipling dictionary$fW. Arthur Young and John H. McGivering 210 $aLondon [etc.]$cMacmillan$d1967 215 $ax, 230 p.$d22 cm. 606 $aKIPLING RUDYARD$3UONC040329$2FI 620 $aGB$dLondon$3UONL003044 676 $a413.1$cDizionari specializzati$v21 700 1$aYOUNG$bW. Arthur$3UONV119221$0679942 701 1$aMcGIVERING$bJohn H.$3UONV218573$0679943 712 $aMacmillan$3UONV276620$4650 801 $aIT$bSOL$c20240220$gRICA 899 $aSIBA - SISTEMA BIBLIOTECARIO DI ATENEO$2UONSI 912 $aUON00200020 950 $aSIBA - SISTEMA BIBLIOTECARIO DI ATENEO$dSI Angl V B KIP YOU $eSI SI 5050 5 $sBuono 996 $aKipling dictionary$91255240 997 $aUNIOR